000 01170cam a2200301 a 4500
001 14458790
003 PILC
005 20150112093446.0
008 060719s2007 ilu 000 0 eng
010 _a 2006046784
020 _a0071482954
035 _a(OCoLC)ocm70676617
035 _a(OCoLC)70676617
040 _aDLC
_cDLC
_dYDX
_dBAKER
_dCLE
_dYDXCP
_dVP@
_dDLC
050 0 0 _aPL 1125.E6
_b.D38 2007
082 0 0 _aR 495.1
_bD39 2007
100 1 _aDe Mente, Boye Lafayette.
_925278
245 1 0 _aChinese in plain English /
_cBoye Lafayette De Mente.
250 _a2nd ed.
260 _aNew York :
_bMcGraw-Hill,
_c2007.
300 _a352 pages :
_c21 cm.
650 0 _aChinese language
_vConversation and phrase books
_xEnglish.
_925318
856 4 2 _3Contributor biographical information
_uhttp://www.loc.gov/catdir/enhancements/fy0668/2006046784-b.html
856 4 2 _3Publisher description
_uhttp://www.loc.gov/catdir/enhancements/fy0668/2006046784-d.html
906 _a7
_bcbc
_corignew
_d1
_eocip
_f20
_gy-gencatlg
942 _2lcc
_cBK
999 _c14910
_d14910